000 00405nam a2200145Ia 4500
008 220217s9999||||xx |||||||||||||| ||und||
020 _a978-81-203-2144-1
082 _a658.11 THU
100 _aThuesen, Gerald, J and Fabrycky, W.J
245 0 _aEngineering economics
250 _a9th
260 _aPrenice hall of India
_bNew Delhi
_c2009
300 _aXIV, 637p.
_b350
650 _aMANAGEMENT
999 _c179626
_d179626